Statistics for Historical Flags

Click here to take the quiz!

General Stats

  • This quiz has been taken 132 times
  • The average score is 13 of 16

Answer Stats

Answer% Correct
France
95%
Portugal
94%
Spain
94%
Germany
92%
Canada
90%
South Africa
90%
Russia
89%
Mexico
88%
China
79%
Iran
77%
Greece
74%
Belarus
71%
D. R. Congo
69%
Egypt
61%
Afghanistan
55%
Ethiopia
34%

Score Distribution

Percentile by Number Answered

Percent of People with Each Score

Your Score History

You have not taken this quiz